000 00599nam a2200193Ia 4500
005 20260601193254.0
008 260601s9999||||xx |||||||||||||| ||und||
020 _a978-3-031-67977-3
_qebk
100 _aYaxin Bi
245 0 _aBelief Functions: Theory and Applications
250 _a2024
260 _aHeidelberg, Germany
_bSpringer Nature
_c2024
440 _aLecture Notes in Computer Science
650 _aComputer Science
700 _aAnne-Laure Jousselme
700 _aThierry Denoeux
856 _uhttps://link.springer.com/openurl?genre=book&isbn=978-3-031-67977-3
942 _cEB
_2ddc
999 _c56801
_d56801